Top 10 South African Points Scorers in the URC/Pro 14/Celtic League - Statistics

General Stats
  • This quiz has been taken 5 times
  • The average score is 5 of 10
Answer Stats
N Player Club Points % Correct
2 Manie Libbok DHL Stormers 388
100%
1 Rhian Pienaar Ulster, Cheetahs 677
100%
3 Chris Smith Vodacom Bulls 282
67%
10 Jordan Hendrikse Lions 117
67%
5 Rhyno Smith Benetton Treviso 189
67%
4 Curwin Bosch Cell C Sharks 242
33%
7 Jaco van der Walt Edinburgh Rugyb 131
33%
6 Tiaan Schoeman Cheetahs 134
0%
8 Wietz Botes Benetton Treviso 124
0%
8 Willem de Waal Benetton Treviso 124
0%
No matching quizzes found
Score Distribution
Percent of People with Each Score
Percentile by Number Answered
Your Score History
You have not taken this quiz